<?xml version="1.0" encoding="UTF-8"?><?xml-stylesheet type="text/xsl" href="static/style.xsl"?><OAI-PMH xmlns="http://www.openarchives.org/OAI/2.0/" xmlns:xsi="http://www.w3.org/2001/XMLSchema-instance" xsi:schemaLocation="http://www.openarchives.org/OAI/2.0/ http://www.openarchives.org/OAI/2.0/OAI-PMH.xsd"><responseDate>2026-04-13T00:10:44Z</responseDate><request verb="GetRecord" identifier="oai:www.recercat.cat:2117/110300" metadataPrefix="marc">https://recercat.cat/oai/request</request><GetRecord><record><header><identifier>oai:recercat.cat:2117/110300</identifier><datestamp>2025-07-23T01:26:35Z</datestamp><setSpec>com_2072_1033</setSpec><setSpec>col_2072_452951</setSpec></header><metadata><record xmlns="http://www.loc.gov/MARC21/slim" xmlns:dcterms="http://purl.org/dc/terms/" xmlns:xsi="http://www.w3.org/2001/XMLSchema-instance" xmlns:doc="http://www.lyncode.com/xoai" xsi:schemaLocation="http://www.loc.gov/MARC21/slim http://www.loc.gov/standards/marcxml/schema/MARC21slim.xsd">
   <leader>00925njm 22002777a 4500</leader>
   <datafield ind2=" " ind1=" " tag="042">
      <subfield code="a">dc</subfield>
   </datafield>
   <datafield ind2=" " ind1=" " tag="720">
      <subfield code="a">Miralles Cesena, Marc</subfield>
      <subfield code="e">author</subfield>
   </datafield>
   <datafield ind2=" " ind1=" " tag="260">
      <subfield code="c">2017-09-13</subfield>
   </datafield>
   <datafield ind2=" " ind1=" " tag="520">
      <subfield code="a">El proyecto constituye una aproximación al aún poco desarrollado ámbito de la prevención&#xd;
de riesgos para la salud y la seguridad en el manejo de nanomateriales, mediante el análisis&#xd;
de dos casos reales de trabajos de laboratorio.&#xd;
El proyecto se centra en la propuesta de medidas de prevención y protección frente al riesgo&#xd;
específico asociado a la manipulación de nanopartículas metálicas para dos estrategias&#xd;
distintas de obtención de nanopartículas, en base a trabajos de investigación realizados en&#xd;
los laboratorios del Campus Diagonal-Besòs, de la Universidad Politécnica de Barcelona.&#xd;
Para ello se caracteriza el riesgo específico de las operaciones y se le asocian las medidas&#xd;
preventivas que lo minimizan, haciendo un uso crítico de los métodos y herramientas que el&#xd;
estado actual de la materia pone al alcance de profesionales sin formación específica en la&#xd;
prevención de riesgos laborales. Las medidas y recomendaciones aportadas pretenden&#xd;
abarcar todo el ciclo de vida de las nanopartículas, desde su obtención hasta la gestión final&#xd;
de productos y residuos que las contengan.&#xd;
Finalmente, se apunta la necesidad de una reevaluación periódica del análisis y se estima el&#xd;
coste de implementación de las medidas propuestas.</subfield>
   </datafield>
   <datafield tag="653" ind2=" " ind1=" ">
      <subfield code="a">Àrees temàtiques de la UPC::Economia i organització d'empreses::Seguretat industrial</subfield>
   </datafield>
   <datafield tag="653" ind2=" " ind1=" ">
      <subfield code="a">Nanotechnology</subfield>
   </datafield>
   <datafield tag="653" ind2=" " ind1=" ">
      <subfield code="a">Industrial safety</subfield>
   </datafield>
   <datafield tag="653" ind2=" " ind1=" ">
      <subfield code="a">Nanotecnologia</subfield>
   </datafield>
   <datafield tag="653" ind2=" " ind1=" ">
      <subfield code="a">Seguretat en el treball</subfield>
   </datafield>
   <datafield ind2="0" ind1="0" tag="245">
      <subfield code="a">Seguridad y prevención de riesgos laborales en laboratorios de Nanotecnología</subfield>
   </datafield>
</record></metadata></record></GetRecord></OAI-PMH>